| 000 | 00659nam a22002657a 4500 | ||
|---|---|---|---|
| 003 | OSt | ||
| 005 | 20140311162959.0 | ||
| 008 | 130128t xxu||||| |||| 00| 0 eng d | ||
| 020 | _a9715540678 | ||
| 050 |
_aHF 5363 _b.In35 2004 |
||
| 100 | _aIgnacio, Monico H. | ||
| 245 |
_aAn Introduction to business and management _cIgnacio, Monico H. |
||
| 250 | _a3rd ed. | ||
| 260 |
_aManila _bSinag-tala Publishers _c2004 |
||
| 300 |
_a306 p. _c24 cm. |
||
| 521 | _aBSBA | ||
| 650 | _a Business. | ||
| 650 | _a 2. Management. | ||
| 942 |
_2lcc _cBK _kLOC |
||
| 999 |
_c39131 _d39131 |
||